000 00951cam a2200313 a 4500
001 2386
003 FISKH
005 20260407140230.0
008 070315s2008 nyua b 000 1 eng
010 _a 2007005317
020 _a0545007224
020 _a708431211124
040 _aDLC
_cDLC
_dDLC
_beng
042 _alcac
050 0 0 _aPZ7.A7379
_bFm 2008
082 0 0 _a813.6
_222
100 1 _aArnold, Tedd
245 1 0 _aFly high, Fly Guy! /
_cTedd Arnold
260 _aNew York :
_bScholastic,
_c2008.
300 _a37 pages :
_bcolor illustrations ;
_c23 cm
505 _aE
520 _aWhen Buzz, his parents, and his pet fly go on a road trip and get lost, Fly Guy comes to the rescue to help them find their way home.
521 8 _a270
_bLexile
521 8 _aE
_bRaz-Plus
650 1 _aFlies
_vFiction.
650 1 _aAutomobile travel
_vFiction.
906 _a7
_bcbc
_corignew
_d1
_eecip
_f20
_gy-gencatlg
942 _2ddc
_cBK
_n0
999 _c2386
_d2386